[Event "Qazvin Cup 10th"]
[Site "Qazvin"]
[Date "2022.07.28"]
[Round "5"]
[White "Naderi, Abdollah"]
[Black "Mosadeghpour, Masoud"]
[Result "0-1"]
[WhiteElo "2133"]
[BlackElo "2468"]
[PlyCount "56"]
[EventDate "2022.07.25"]
[EventType "swiss"]
[EventRounds "9"]
[EventCountry "IRI"]
[SourceTitle "EXT 2023"]
[Source "ChessBase"]
[SourceDate "2022.10.05"]
[SourceVersion "1"]
[SourceVersionDate "2022.10.05"]
[SourceQuality "1"]

1. Nf3 Nf6 2. c4 e6 3. g3 d5 4. Bg2 d4 5. d3 Nc6 6. 0-0 Bc5 7. Nbd2 a5 8. Nb3 Ba7 9. e3 dxe3 10. Bxe3 a4 11. Nc1 a3 12. Rb1 axb2 13. Rxb2 0-0 14. Bxa7 Rxa7 15. d4 b6 16. Nb3 Ra4 17. d5 Ne7 18. dxe6 Bxe6 19. Rd2 Qe8 20. c5 Ne4 21. Rc2 Bd5 22. cxb6 cxb6 23. Re1 Qa8 24. Rc7 Rxa2 25. Rxe7 Nxf2 26. Qb1 Bxf3 27. Re8 Rxe8 28. Rxe8+ Qxe8 0-1

[Event "Qazvin Cup 10th"]
[Site "Qazvin"]
[Date "2022.07.27"]
[Round "4"]
[White "Ebrahimi Herab, Hamidreza"]
[Black "Naderi, Abdollah"]
[Result "1/2-1/2"]
[WhiteElo "1947"]
[BlackElo "2133"]
[PlyCount "111"]
[EventDate "2022.07.25"]
[EventType "swiss"]
[EventRounds "9"]
[EventCountry "IRI"]
[SourceTitle "EXT 2023"]
[Source "ChessBase"]
[SourceDate "2022.10.05"]
[SourceVersion "1"]
[SourceVersionDate "2022.10.05"]
[SourceQuality "1"]

1. d4 Nf6 2. c4 c5 3. d5 e6 4. Nc3 exd5 5. cxd5 d6 6. e4 g6 7. f4 Bg7 8. Bb5+ Nfd7 9. Nf3 0-0 10. 0-0 a6 11. Bd3 b5 12. Kh1 c4 13. Bc2 Nc5 14. f5 b4 15. Na4 b3 16. axb3 cxb3 17. Bb1 Nbd7 18. Nxc5 Nxc5 19. Nd4 Bd7 20. Be3 Be5 21. Qd2 Qh4 22. Nf3 Nxe4 23. Nxh4 Nxd2 24. Bxd2 Bxb2 25. Ra5 Bb5 26. Rf3 Rac8 27. Rxb3 Bc1 28. Bb4 Bg5 29. g3 Rc1+ 30. Kg2 Bc4 31. Rb2 Bf6 32. Rc2 Bf1+ 33. Kf3 Rxb1 34. Bxd6 Re8 35. Rac5 Bb5 36. Rc8 Rb3+ 37. Kg2 Rbe3 38. Rxe8+ Rxe8 39. Bc7 Bd3 40. Rd2 Be4+ 41. Nf3 Bxf5 42. d6 Bd7 43. g4 Re4 44. h3 h6 45. Ra2 Bb5 46. Kg3 Re3 47. Kf2 Rd3 48. Rd2 Rxd2+ 49. Nxd2 Bh4+ 50. Kf3 Bc6+ 51. Ke2 Kf8 52. Nb3 Bg3 53. Nc5 a5 54. Bb8 Bh4 55. Bc7 Bg3 56. Bb8 1/2-1/2

[Event "Asian-ch Amateur"]
[Site "Isfahan"]
[Date "2016.11.15"]
[Round "5.6"]
[White "Khoshkalamian, B."]
[Black "Naderi, Abdollah"]
[Result "0-1"]
[WhiteElo "2024"]
[BlackElo "2079"]
[PlyCount "110"]
[EventDate "2016.11.12"]
[EventType "swiss"]
[EventRounds "9"]
[EventCountry "IRI"]
[SourceTitle "EXT 2024"]
[Source "ChessBase"]
[SourceDate "2023.10.10"]
[SourceVersion "1"]
[SourceVersionDate "2023.10.10"]
[SourceQuality "1"]

1. e4 Nf6 2. e5 Nd5 3. c4 Nb6 4. d4 d6 5. exd6 cxd6 6. Nc3 g6 7. Nf3 Bg7 8. Be3 Nc6 9. h3 0-0 10. Rc1 Bf5 11. d5 Ne5 12. Nxe5 Bxe5 13. Bd3 Bxd3 14. Qxd3 Nd7 15. 0-0 a6 16. b3 Qa5 17. Qd2 Rac8 18. Bd4 b5 19. Bxe5 Nxe5 20. f4 Nd7 21. Rfe1 Rfe8 22. Ne4 Qxd2 23. Nxd2 Nb6 24. Kf2 Kf8 25. Ke3 bxc4 26. bxc4 Rc5 27. Kd4 Rec8 28. g3 Ra5 29. Ra1 Ra4 30. Rec1 Rc5 31. Kd3 Nd7 32. Nb3 Rc7 33. Rc2 h6 34. Rac1 Rb7 35. Ke2 Rbb4 36. Ke3 Ra3 37. Kf2 Rba4 38. c5 Nxc5 39. Nxc5 dxc5 40. Rxc5 Rxa2+ 41. Ke3 Rg2 42. Kf3 Rd2 43. R1c3 Raa2 44. Ke3 Rg2 45. Kd4 Ra4+ 46. R5c4 Rd2+ 47. Ke5 Ra1 48. Rc8+ Kg7 49. Ke4 Re1+ 50. Kf3 Rxd5 51. Ra3 Red1 52. Rxa6 R5d3+ 53. Ke2 R1d2+ 54. Ke1 Rh2 55. g4 Rb3 0-1

[Event "IRI-ch"]
[Site "Tabriz"]
[Date "2013.12.02"]
[Round "8"]
[White "Naderi, Abdollah"]
[Black "Sakhayi, Mostafa"]
[Result "0-1"]
[WhiteElo "2163"]
[BlackElo "2122"]
[PlyCount "128"]
[EventDate "2013.11.27"]
[EventType "swiss"]
[EventRounds "11"]
[EventCountry "IRI"]
[SourceTitle "CBM 157 Extra"]
[Source "ChessBase"]
[SourceDate "2013.12.19"]
[SourceVersion "1"]
[SourceVersionDate "2013.12.19"]
[SourceQuality "1"]

1. e4 e5 2. Nf3 Nc6 3. Bb5 a6 4. Bxc6 dxc6 5. 0-0 f6 6. d4 Bg4 7. dxe5 Qxd1 8. Rxd1 fxe5 9. Rd3 Bd6 10. Nbd2 b5 11. b3 Ne7 12. Bb2 Ng6 13. h3 Be6 14. h4 0-0 15. g3 h5 16. Kg2 Rad8 17. Ng5 Bc8 18. Ndf3 Rde8 19. Rc1 c5 20. c4 Bb7 21. Rd2 Rf6 22. Ne1 Nf8 23. f3 Nd7 24. Nd3 b4 25. a3 a5 26. a4 Rff8 27. Rcd1 Nb8 28. Ne1 Nc6 29. Re2 Re7 30. Nd3 Bc8 31. Rf2 Bb7 32. Re1 Bc8 33. Rff1 Ree8 34. Nh3 Rd8 35. Nhf2 Rfe8 36. Rd1 Bb7 37. Rd2 Rf8 38. Rfd1 Rde8 39. Ne1 Re7 40. Rd3 Ref7 41. Nh3 Re7 42. Ng5 Ree8 43. R1d2 Re7 44. Rf2 Ree8 45. Bc1 Nd4 46. Be3 Bc8 47. Bxd4 cxd4 48. Rd1 Be7 49. Nd3 Bf6 50. Re1 Bb7 51. Rff1 Re7 52. Re2 g6 53. Rfe1 Kg7 54. Rd2 Kh6 55. f4 Kg7 56. Nc5 Bxg5 57. hxg5 Bc6 58. Rf2 exf4 59. Rxf4 Rf5 60. Rxf5 gxf5 61. Rd1 Re5 62. Nd3 Bxe4+ 63. Kf2 Bxd3 64. Rxd3 c5 0-1

[Event "IRI-ch"]
[Site "Tabriz"]
[Date "2013.12.01"]
[Round "6"]
[White "Naderi, Abdollah"]
[Black "Pooreraghian, Mohammadreza"]
[Result "1-0"]
[WhiteElo "2163"]
[BlackElo "2076"]
[PlyCount "79"]
[EventDate "2013.11.27"]
[EventType "swiss"]
[EventRounds "11"]
[EventCountry "IRI"]
[SourceTitle "CBM 157 Extra"]
[Source "ChessBase"]
[SourceDate "2013.12.19"]
[SourceVersion "1"]
[SourceVersionDate "2013.12.19"]
[SourceQuality "1"]

1. e4 e5 2. Nf3 Nc6 3. Bb5 a6 4. Bxc6 dxc6 5. 0-0 Bg4 6. h3 Bh5 7. d3 f6 8. Nbd2 Qd7 9. Nc4 g5 10. Ne3 Bg6 11. Nh2 h5 12. Qf3 0-0-0 13. Bd2 Be7 14. Bc3 Nh6 15. Rfd1 c5 16. Nd5 g4 17. Qe3 Bf7 18. Nxe7+ Qxe7 19. h4 Be8 20. Nf1 Bc6 21. Ng3 b6 22. a3 Nf7 23. b4 cxb4 24. Bxb4 Qd7 25. Nf5 Rhe8 26. Rab1 Ba4 27. Rb2 Re6 28. Rdb1 Kb7 29. Qe2 Ka7 30. Ne3 Nd6 31. c4 Nc8 32. Nd5 Bc6 33. Qe3 Bb7 34. a4 Bxd5 35. cxd5 Ree8 36. a5 Kb7 37. axb6 cxb6 38. Ba5 b5 39. Rc1 Re7 40. Rbc2 1-0